01338nam a2200265Ia 450000100060000000300090000600800410001504000130005604000130006904100130008210000290009510000290012424000520015324000350020524500620024024500610030225000110036326000110037426000160038526000490040130000430045050005220049365000260101565000310104121819IT-RoPAU130308s9999 xx 000 0 und d aIT-RoPAU cIT-RoPAU aITALIANO aCalame-Griaule Genevieve gCodice Aut. SPICS: 8615 aETHNOLOGIE ET LANGAGE. LA PAROLE CHEZ LES DOGON gCodice Tit. Orig. Spics: T1002 aMondo della parola (Il)-Etnologia e linguaggio dei Dogon bMondo della Parola (Il)-Etnologia e Linguaggio dei Dogon a1a ed. aTORINO bBoringhieri c1982 [1° Ed.:1982 - Ed.Ling.Originale:1965] a"274 p. (prefazione: no ; testo: 274)" aTeoria della Parola Parola e Persona Parola nel Corpo Umano Fisiologia della Fecondazione per mezzo della Parola Rapporti Simbolici tra Parola e Tecniche Verbo dei Morti mitologia della Parola classificazione della Parola e Sua rappresentazione grafica Parola Vissuta fenomenologia Sociale Parola nella Vita Amorosa Arte della Parola Parola e mezzi di Espressione Non Verbali Rapporti tra Parola ed Espressione plastica o Musicale intervista di Giovanna Antongini con Genevieve Calame Griaule Sul Cammino della Parola aSAGGI DI ANTROPOLOGIA eCodice materia Spics: 3507